Вып. 61; Автоматизированные системы управления и приборы автоматики

Detalles Bibliográficos
Parent link:Автоматизированные системы управления и приборы автоматики: республиканский межведомственный научно-технический сборник/ Харьковский институт радиоэлектроники им. М. К. Янгеля. Вып. 61.— , 1974-1992
Lenguaje:ruso
Publicado: 1982
Materias:
Formato: MixedMaterials Libro
KOHA link:https://koha.lib.tpu.ru/cgi-bin/koha/opac-detail.pl?biblionumber=311061

MARC

LEADER 00000nam2a2200000 4500
001 311061
005 20231102002341.0
020 |a RU  |b 82-7616ж 
035 |a (RuTPU)RU\TPU\book\336416 
090 |a 311061 
100 |a 20151202d1982 k y0rusy5003 ca 
101 0 |a rus 
102 |a UA 
105 |a a z 001zy 
200 0 |a Вып. 61 
210 |d 1982 
215 |d 21 см.  |a 115 с.  |c ил. 
320 |a Библиография в конце статей 
461 1 |0 (RuTPU)RU\TPU\book\32005  |t Автоматизированные системы управления и приборы автоматики  |o республиканский межведомственный научно-технический сборник  |f Харьковский институт радиоэлектроники им. М. К. Янгеля  |v Вып. 61  |d 1974-1992 
606 1 |a Автоматизированные системы планирования и управления  |2 stltpush  |3 (RuTPU)RU\TPU\subj\615  |9 29488 
606 1 |a Автоматические устройства  |2 stltpush  |3 (RuTPU)RU\TPU\subj\909  |9 29715 
610 1 |a объекты 
610 1 |a конечное множество 
610 1 |a упорядочение 
610 1 |a согласованное ранжирование 
610 1 |a случайные вибрации 
610 1 |a формирование 
610 1 |a приближенно оптимальные системы 
610 1 |a задачи размещения 
610 1 |a некорректно поставленные задачи 
610 1 |a аппроксимация 
610 1 |a технологические процессы 
610 1 |a качество 
610 1 |a многокритериальная оценка 
610 1 |a оптимальное управление 
610 1 |a АСУ 
610 1 |a вычислительные процессы 
675 |a 658.012.011.56  |z rus  |v 3 
675 |a 681.52/.53  |z rus  |v 3 
801 0 |a RU  |b RuMRKP  |c 19950704  |g psbo 
801 1 |a RU  |b 63413507  |c 20151202 
801 2 |a RU  |b 63413507  |c 20170208  |g RCR 
942 |c BK